Clic Qui chantait ? 1 chanson -> 1 interprète (6) - Statistiques

Statistiques générales
  • Ce quiz a été pris 106 fois
  • Le résultat moyen est 10 sur 25
Statistiques - réponses
Hint Réponse % Correct
Moi Lolita Alizée
96%
Coco câline Julien Doré
84%
Tournent les violons Jean-Jacques Goldman
79%
Adieu Monsieur le professeur Hugues Aufray
58%
Oui, je l'adore Pauline Ester
58%
Comme un manouche sans guitare Thomas Dutronc
55%
Mon pays Faudel
48%
Le cœur éléphant Fréro Delavega
48%
Un soir de pluie Blues Trottoir
45%
Rue des étoiles Grégoire
43%
La vie ne m'apprend rien Liane Foly
43%
Assis par terre Louisy Joseph
43%
C'était bien (au p'tit bal perdu) Bourvil
40%
Les mariés de Vendée Didier Barbelivien
37%
Y a qu'les filles qui m'intéressent Dany Brillant
33%
Thaï na na Kazero
31%
Parlez-moi d'amour Lucienne Boyer
31%
Le petit Gonzales Danyel Gérard
25%
Est-ce par hasard ? Dave
25%
Calicoba Gold
25%
Flo Pierre Bachelet
25%
Conquistador Kendji Girac
24%
Chariot Petula Clark
21%
Requiem Alma
18%
Où est passée ma bohème Julio Iglesias
12%
Aucun quiz correspondant
Distribution des résultats
% des personnes avec chaque résultat
Percentile par nombre de réponses
Votre historique - résultats
Vous n’avez pas pris ce quiz